000 00869nam a2200277Ia 4500
003 OSt
005 20221005043708.0
006 a|||||r|||| 00| 0
007 ta
008 221004b |||||||| |||| 00| 0 eng d
020 _a9780670091157
_cINR 999.00
024 _a65460
037 _b20, 01/01/2020, Excel Book International
_cTextual
040 _aCRL
_cCRL
_beng
041 _2eng
_aeng
082 _aV2y7M91, Q8
100 _aYengde Suraj Ed.
_9482129
245 0 _aRadical in Ambedkar
_b critical reflections
260 _aGurgaon
_bPenguin Random House India
_c2018
300 _axxxv,497p.
_ccm.
650 _a INDIA - HISTORY
650 _aHISTORY
700 _a Teltumbde Anand Ed.
942 _hV2y7M91, Q8
_cTEXL
_2cc
999 _c952266
_d952266